Name that City - Statistics

General Stats
  • This quiz has been taken 24 times
    4 since last reset
  • The average score is 40 of 109
Answer Stats
Country Population City % Correct
Thailand 18.4 million Bangkok
100%
China 29.2 million Beijing
100%
Argentina 18.9 million Buenos Aires
100%
Egypt 15.4 million Cairo
100%
India 36.9 million Delhi
100%
Bangladesh 24.5 million Dhaka
100%
China 45.9 million Guangzhou
100%
Vietnam 17.9 million Ho Chi Minh City
100%
Indonesia 37.6 million Jakarta
100%
Pakistan 20.4 million Karachi
100%
India 17.4 million Kolkata
100%
Nigeria 19.6 million Lagos
100%
Pakistan 16.3 million Lahore
100%
Phillipines 23.6 million Manila
100%
Mexico 34.8 million Mexico City
100%
Russia 15.9 million Moscow
100%
India 32.9 million Mumbai
100%
United States of America 28.6 million New York City
100%
Japan 27.8 million Osaka
100%
Brazil 18.4 million Rio De Janeiro
100%
Brazil 19.4 million São Paulo
100%
South Korea 21.7 million Seoul
100%
China 39.6 million Shanghai
100%
Indonesia 20.1 million Surabaya
100%
Japan 43.3million Tokyo
100%
Turkey 8.3 million Ankara
67%
India 15.5 million Bangalore
67%
South Korea 8.2 million Busan
67%
Turkey 14.3 million Istanbul
67%
Malaysia 11.4 million Kuala Lumpur
67%
Peru 12.9 million Lima
67%
United States of America 8.5 million Los Angeles
67%
Spain 9.6 million Madrid
67%
Japan 26.2 million Nagoya
67%
Singapore 10.3 million Singapore
67%
Iran 13.4 million Tehran
67%
United Arab Emirates 4.7 million Abu Dhabi
33%
Ethiopia 4.8 million Addis Ababa
33%
India 9.5 million Ahmedabad
33%
Egypt 6.8 million Alexandria
33%
Iraq 3.9 million Baghdad
33%
Spain 4.8 million Barcelona
33%
Germany 6.9 million Berlin
33%
Colombia 5.6 million Bogota
33%
India 12.6 million Chennai
33%
United States of America 4.9 million Chicago
33%
United Arab Emirates 7.4 million Dubai
33%
Vietnam 11.6 million Hanoi
33%
United States of America 4.6 million Houston
33%
United Kingdom 14.9 million London
33%
Belarus 4.3 million Minsk
33%
Panama 3.8 million Panama City
33%
France 5.7 million Paris
33%
Cambodia 5.2 million Phnom Penh
33%
Saudi Arabia 4.3 million Riyadh
33%
Italy 4.9 million Rome
33%
Australia 6.9 million Sydney
33%
China 24.2 million Xi’an-Xiamen
33%
India 7.9 million Agra
0%
Kazakhstan 1.4 million Astana
0%
China 9.2 million Baoji
0%
Serbia 2.4 million Belgrade
0%
India 2.4 million Bhopal
0%
Republic of the Congo 2.8 million Brazzaville
0%
Colombia 3.6 million Cali
0%
China 14.9 million Chengdu
0%
Bangladesh 3.6 million Chittagong
0%
India 1.7 million Coimbatore
0%
China 3.8 million Dalian
0%
Vietnam 6.2 million Da Nang
0%
India 3.6 million Dispur
0%
Tanzania 4.8 million Dodoma
0%
Qatar 1.9 million Doha
0%
China 6.7 million Harbin
0%
Cuba 2.4 million Havana
0%
Japan 7.4 million Hiroshima
0%
China 16.2 million Hong Kong
0%
Pakistan 12.4 million Hyderabad
0%
India 6.9 million Hyderabad
0%
India 2.9 million Indore
0%
Iran 3.4 million Isfahan
0%
Pakistan 4.9 million Islamabad
0%
India 2.3 million Jaipur
0%
Afghanistan 1.5 million Kabul
0%
Uganda 2.5 million Kampala
0%
Democratic Republic of the Congo 5.8 million Kinshasa
0%
Bolivia 4.8 million La Paz
0%
India 2.2 million Lucknow
0%
France 3.6 million Lyon
0%
China 1.4 million Macau
0%
Indonesia 4.7 million Malang
0%
Nicaragua 2.9 million Managua
0%
Saudi Arabia 3.2 million Mecca
0%
Italy 3.4 million Milan
0%
Kenya 3.6 million Mombasa
0%
China 2.5 million Nanjing
0%
France 3.2 million Nice
0%
Australia 4.9 million Perth
0%
Pakistan 5.9 million Peshawar
0%
United States of America 1.4 million Philadelphia
0%
United States of America 2.6 million Phoenix
0%
India 3.7 million Pune
0%
Ecuador 1.2 million Quito
0%
Indonesia 8.5 million Semarang
0%
China 6.4 million Shenyang
0%
India 2.6 million Surat
0%
China 3.5 million Tianjin
0%
China 6.7 million Wuhan
0%
China 12.9 million Xining
0%
No matching quizzes found
Score Distribution
Percent of People with Each Score
Percentile by Number Answered
Your Score History
You have not taken this quiz since the last reset